Vývoj zpracovatelského průmyslu a průmyslových podniků na počátku 21. století

Priemysel a deindustrializácia. Postavenie priemyslu v Českej republike. Posudzovanie deindustrializácie na makro a mikro úrovni. Meniaca sa úloha priemyslu a priemyselné podniky.

Uložené v:
Podrobná bibliografia
Hlavný autor: Dvořáček, Jiří
Médium: Kapitola
Jazyk:Czech
Predmet:
Tagy: Pridať tag
Žiadne tagy, Buďte prvý, kto otaguje tento záznam!

MARC

LEADER 00000naa$a2200000$$$4500
001 0058291
005 20231116104406.9
041 0 |a cze 
044 |a CZ 
245 1 0 |a Vývoj zpracovatelského průmyslu a průmyslových podniků na počátku 21. století  |c Jiří Dvořáček 
520 |a Priemysel a deindustrializácia. Postavenie priemyslu v Českej republike. Posudzovanie deindustrializácie na makro a mikro úrovni. Meniaca sa úloha priemyslu a priemyselné podniky. 
610 2 0 |a podnik priemyselný 
610 2 0 |a priemysel 
610 2 0 |a priemysel spracovateľský 
610 2 0 |a reštrukturalizácia 
610 2 0 |a Česko 
100 1 |a Dvořáček, Jiří